Statistics for Arab League Map Quiz

Click here to take the quiz!

General Stats

  • This quiz has been taken 17 times
  • The average score is 17 of 20

Answers on the Map

Answers color-coded by a green-red scale on the quiz's map according to % correct below.
 

Answer Stats

Answer% Correct
Iraq
100%
Algeria
92%
Egypt
92%
Jordan
92%
Lebanon
92%
Libya
92%
Mauritania
92%
Morocco
92%
Saudi Arabia
92%
Sudan
92%
Syria
92%
Tunisia
92%
Yemen
92%
Iran
85%
Kuwait
85%
Oman
85%
Bahrain
69%
Palestine
69%
United Arab Emirates
69%
Qatar
62%

Score Distribution

Percentile by Number Answered

Percent of People with Each Score

Your Score History

You have not taken this quiz